| 000 | 00384nam a22001337a 4500 | ||
|---|---|---|---|
| 020 | _a0-07-023235-0 | ||
| 082 | _a658 GER'I | ||
| 100 |
_aGERELLE, ERIC G. R ,STARK, JOHN _980210 |
||
| 245 | _aINTEGRATED MANUFACTURING ,STRATEGY PLANNING AND IMPLEMENTATION | ||
| 260 |
_aNEWYORK _bMCGRAW HILL _c1988 |
||
| 300 | _a219P | ||
| 650 |
_aCOMPUTER INTEGRATED MANAGEMENT _980211 |
||
| 942 | _cBK | ||
| 999 |
_c585172 _d585172 |
||